00847cam a22002415a 450000500170000000800410001701000140005802000260007203500130009803700130011104000130012408200140013710000200015124500390017126000500021027000580026030000230031850000470034152000260038894200280041499900170044295201460045920091103014612.0090911s2009 ii ab b 100 0 eng d aENG-95361 a9788131306802c495.00 aEN-78894 aDBAD/PUB aDPLbeng a327.17207 aMishra, Loknath aPeace educationcby Loknath Mishra aNew Delhi :bAPH Publishing Corporationc2009 a4435-36/7. Ansari road, Darya GanjbNew Delhie110002 a183p.c22 cm. (Hb) aIncludes bibliography references and index aContributed articles. 2ddccENmMISh327.17207 c31463d31463 00102ddc40718NFICaDBADbDBADd2009-11-06eDBAD / PUBg495.00l0o327.17207 MISpEN-78894r2009-11-06 00:00:00t1v495.00w2009-11-06yEN